Управление технологическими проектами: электронный курс
| Autor principal: | |
|---|---|
| Autor corporatiu: | |
| Sumari: | Заглавие с экрана Основной целью курса является формирование у студентов компетенций в области анализа, планирования и оперативного управления технологическими проектами. Курс предназначен для магистрантов, обучающихся по направлению 27.04.05 "Инноватика". Курс реализуется во втором семестре. В курсе раскрываются функции управления технологическими проектами на разных стадиях жизненного цикла, вопросы планирования и оперативного управления проектом, технические и цифровые ресурсы управления проектами. Особое внимание уделяется проектам разработки и продвижения проектов НИОКР, стартап-проектов, технологических проектов, реализуемых в корпоративной среде. Доступ по логину и паролю |
| Idioma: | rus |
| Publicat: |
Томск, TPU Moodle, 2021
|
| Matèries: | |
| Accés en línia: | https://design.lms.tpu.ru/course/view.php?id=3798 |
| Format: | MixedMaterials Electrònic Llibre |
| KOHA link: | https://koha.lib.tpu.ru/cgi-bin/koha/opac-detail.pl?biblionumber=666079 |
MARC
| LEADER | 00000nlm0a2200000 4500 | ||
|---|---|---|---|
| 001 | 666079 | ||
| 005 | 20240212161954.0 | ||
| 035 | |a (RuTPU)RU\TPU\network\37283 | ||
| 035 | |a RU\TPU\network\16848 | ||
| 090 | |a 666079 | ||
| 100 | |a 20211202d2021 m y0rusy50 ca | ||
| 101 | 0 | |a rus | |
| 102 | |a RU | ||
| 105 | |a a j 000zy | ||
| 135 | |a jrcn ---uucaa | ||
| 181 | 0 | |a i | |
| 182 | 0 | |a b | |
| 200 | 1 | |a Управление технологическими проектами |e электронный курс |f С. Н. Попова |g Национальный исследовательский Томский политехнический университет, Школа инженерного предпринимательства | |
| 203 | |a Текст |c электронный | ||
| 210 | |a Томск |c TPU Moodle |d 2021 | ||
| 300 | |a Заглавие с экрана | ||
| 330 | |a Основной целью курса является формирование у студентов компетенций в области анализа, планирования и оперативного управления технологическими проектами. Курс предназначен для магистрантов, обучающихся по направлению 27.04.05 "Инноватика". Курс реализуется во втором семестре. В курсе раскрываются функции управления технологическими проектами на разных стадиях жизненного цикла, вопросы планирования и оперативного управления проектом, технические и цифровые ресурсы управления проектами. Особое внимание уделяется проектам разработки и продвижения проектов НИОКР, стартап-проектов, технологических проектов, реализуемых в корпоративной среде. | ||
| 333 | |a Доступ по логину и паролю | ||
| 606 | 1 | |a Технологические проекты |2 stltpush |3 (RuTPU)RU\TPU\subj\80723 |9 88324 | |
| 610 | 1 | |a электронный ресурс | |
| 610 | 1 | |a труды учёных ТПУ | |
| 610 | 1 | |a электронное обучение | |
| 610 | 1 | |a электронные курсы ТПУ | |
| 610 | 1 | |a электронные учебные пособия | |
| 610 | 1 | |a учебные пособия | |
| 610 | 1 | |a e-learning | |
| 610 | 1 | |a Moodle | |
| 610 | 1 | |a дистанционное образование | |
| 610 | 1 | |a дистанционное обучение | |
| 610 | 1 | |a технологические проекты | |
| 675 | |a 62.001.5 |v 3 | ||
| 700 | 1 | |a Попова |b С. Н. |c специалист в области менеджмента |c доцент Томского политехнического университета, кандидат экономических наук |f 1976- |g Светлана Николаевна |3 (RuTPU)RU\TPU\pers\30360 |9 14705 | |
| 712 | 0 | 2 | |a Национальный исследовательский Томский политехнический университет |b Школа инженерного предпринимательства |c (2017- ) |3 (RuTPU)RU\TPU\col\23544 |
| 801 | 2 | |a RU |b 63413507 |c 20220726 |g RCR | |
| 856 | 4 | |u https://design.lms.tpu.ru/course/view.php?id=3798 | |
| 942 | |c CF | ||